| 000 | 00989nam0a22002771 4500 | ||
|---|---|---|---|
| 001 | rc\2053711 | ||
| 005 | 20260601080309.0 | ||
| 035 | _a(NLR Aleph) 005290725 | ||
| 090 |
_a6187388 _c6187388 |
||
| 100 | _a20081111d1907 |||y0rusy50 ca | ||
| 101 | 1 |
_arus _cfre |
|
| 102 | _aRU | ||
| 105 | _ay z ||||| | ||
| 200 | 1 |
_aГосподин Бержере в Париже _fПер. А. С-ва |
|
| 210 |
_aМосква _cВ.М. Саблин _d1907 |
||
| 215 |
_a[6], 209 с. _d20 |
||
| 225 | 1 |
_aСобрание сочинений _fАнатоль Франс _vТ. 5 |
|
| 316 |
_aЭкз. РНБ (38.39.5.22): деф.: во 2 экз. отсутствует обл. _5NLR: 38.39.5.22 |
||
| 700 | 1 |
_8rus _7ca _aФранс _bА. _f1844-1924 _gАнатоль _3RU\NLR\AUTH\7716506 _9126144 |
|
| 702 | 1 |
_aС-в _bА. _4730 |
|
| 801 | 0 |
_aRU _bNLR _c20081111 _gpsbo |
|
| 801 | 1 |
_aRU _bProSoft-M _c20081111 _2rusmarc |
|
| 801 | 2 |
_aRU _bNLR _c20130508 _2rusmarc |
|
| 852 |
_aNLR _j38.39.5.22 |
||
| 942 | _cBOOK | ||
| 980 | _aNB | ||